| 000 | 00937nam a22002177a 4500 | ||
|---|---|---|---|
| 003 | OSt | ||
| 005 | 20250924182130.0 | ||
| 008 | 240314b ||||| |||| 00| 0 eng d | ||
| 040 | _c0 | ||
| 082 | _aDPer 621.381 In821 August 2022 v. 37 n. 8 | ||
| 100 |
_aJayan, Vijesh. _eauthor. _954692 |
||
| 245 |
_aAn adaptive dynamic reference control for power converters in a microgrid / _cVijesh Jayan, Amer M.Y.M Ghias, Josep M. Guerrero, and Adel Merabet. |
||
| 260 |
_aNew York ; _bThe Institute of Electrical and Electronics Engineers, Inc. , _cAugust 2022. |
||
| 300 |
_aVolume 37, pages 9164 - 9174 : _billustration ; _c28 cm. |
||
| 500 | _aIEEE Transitions on Power Electronics, v. 37 n. 8, pages 9164 - 9174 , August 2022. | ||
| 700 |
_aJayan, Vijesh. _eauthor. _954692 |
||
| 700 |
_aGhias, Amer M.Y.M _eauthor. _954693 |
||
| 700 |
_aGuerrero, Josep M. _eauthor. _954694 |
||
| 700 |
_aMerabet, Adel. _eauthor. _954695 |
||
| 942 |
_2ddc _cPER |
||
| 999 |
_c19684 _d19684 |
||